Spiral / (Record no. 358395)
[ view plain ]
| 000 -LEADER | |
|---|---|
| fixed length control field | 02958cgm a2200685Ki 4500 |
| 001 - CONTROL NUMBER | |
| control field | on1223972085 |
| 003 - CONTROL NUMBER IDENTIFIER | |
| control field | OCoLC |
| 005 - DATE AND TIME OF LATEST TRANSACTION | |
| control field | 20210208132623.0 |
| 007 - PHYSICAL DESCRIPTION FIXED FIELD--GENERAL INFORMATION | |
| fixed length control field | vd cvaizq |
| 008 - FIXED-LENGTH DATA ELEMENTS--GENERAL INFORMATION | |
| fixed length control field | 201123s2021 cau087 vleng d |
| 040 ## - CATALOGING SOURCE | |
| Original cataloging agency | TEFMT |
| Language of cataloging | eng |
| Description conventions | rda |
| Transcribing agency | TEFMT |
| Modifying agency | TEF |
| -- | OCLCO |
| -- | OCLCF |
| -- | WACOL |
| 024 1# - OTHER STANDARD IDENTIFIER | |
| Standard number or code | 014381133103 |
| 028 42 - PUBLISHER NUMBER | |
| Publisher number | SHU13310DVD? |
| Source | Shudder |
| 035 ## - SYSTEM CONTROL NUMBER | |
| System control number | (OCoLC)1223972085 |
| 037 ## - SOURCE OF ACQUISITION | |
| Source of stock number/acquisition | Midwest Tape |
| Note | http://www.midwesttapes.com |
| 041 1# - LANGUAGE CODE | |
| Language code of text/sound track or separate title | eng |
| -- | eng |
| -- | fre |
| -- | spa |
| -- | eng |
| Language code of original and/or intermediate translations of text | eng |
| 050 #4 - LIBRARY OF CONGRESS CALL NUMBER | |
| Classification number | PN1997.2 |
| Item number | .S75 2021 |
| 082 04 - DEWEY DECIMAL CLASSIFICATION NUMBER | |
| Classification number | 791.43/72 |
| Edition number | 23 |
| 092 ## - LOCALLY ASSIGNED DEWEY CALL NUMBER (OCLC) | |
| Classification number | DVD |
| Item number | Spi |
| 049 ## - LOCAL HOLDINGS (OCLC) | |
| Holding library | WACL |
| 245 00 - TITLE STATEMENT | |
| Title | Spiral / |
| Statement of responsibility, etc | director, Kurtis David Harder. |
| 264 #1 - Production, Publication, Distribution, Manufacture, and Copyright Notice. | |
| Place of production, publication, distribution, manufacture | Chatsworth, CA : |
| Name of producer, publisher, distributor, manufacturer | Image Entertainment, |
| Date of production, publication, distribution, manufacture, or copyr | [2021] |
| 300 ## - PHYSICAL DESCRIPTION | |
| Extent | 1 videodisc (87 min.) : |
| Other physical details | sound, color ; |
| Dimensions | 4 3/4 in. |
| 336 ## - Content Type | |
| Content type term | two-dimensional moving image |
| 337 ## - Media type | |
| Media type term | video |
| 338 ## - Carrier type | |
| Carrier type term | videodisc |
| 344 ## - | |
| -- | digital |
| -- | rdatr |
| 344 ## - | |
| -- | optical |
| -- | rdarm |
| 347 ## - | |
| -- | video file |
| -- | rdaft |
| 347 ## - | |
| -- | DVD video |
| 380 ## - | |
| -- | Motion pictures |
| -- | lcgft |
| 538 ## - SYSTEM DETAILS NOTE | |
| System details note | DVD, wide screen. |
| 546 ## - LANGUAGE NOTE | |
| Language note | English dialogue; English, French or Spanish subtitles; subtitled for the deaf and hard of hearing (SDH). |
| 500 ## - GENERAL NOTE | |
| General note | Title from web page. |
| 511 1# - PARTICIPANT OR PERFORMER NOTE | |
| Participant or performer note | Jeffrey Bowyer-Chapman, Lochlyn Munro, Ty Wood, Aaron Poole. |
| 500 ## - GENERAL NOTE | |
| General note | Originally released as a motion picture in 2020. |
| 521 8# - TARGET AUDIENCE NOTE | |
| Target audience note | Rating: Not rated. |
| 520 ## - SUMMARY, ETC. | |
| Summary, etc | A same-sex couple moves to a small town so they can enjoy a better quality of life as they raise their sixteen-year-old daughter. But nothing is as it seems in their picturesque neighborhood. And when they see that the folks next door are throwing a very strange party, being the new family in town suddenly feels extremely dangerous. |
| 521 ## - TARGET AUDIENCE NOTE | |
| Target audience note | DVD |
| Source | MicroMarketing |
| 650 #0 - SUBJECT ADDED ENTRY--TOPICAL TERM | |
| Topical term or geographic name as entry element | Small cities |
| Form subdivision | Drama. |
| 9 (RLIN) | 5704190 |
| 650 #0 - SUBJECT ADDED ENTRY--TOPICAL TERM | |
| Topical term or geographic name as entry element | Neighbors |
| Form subdivision | Drama. |
| 9 (RLIN) | 5692604 |
| 650 #0 - SUBJECT ADDED ENTRY--TOPICAL TERM | |
| Topical term or geographic name as entry element | Parties |
| Form subdivision | Drama. |
| 9 (RLIN) | 5752082 |
| 650 #7 - SUBJECT ADDED ENTRY--TOPICAL TERM | |
| Topical term or geographic name as entry element | Neighbors. |
| Source of heading or term | fast |
| -- | (OCoLC)fst01200293 |
| 9 (RLIN) | 6403674 |
| 650 #7 - SUBJECT ADDED ENTRY--TOPICAL TERM | |
| Topical term or geographic name as entry element | Parties. |
| Source of heading or term | fast |
| -- | (OCoLC)fst01054162 |
| 9 (RLIN) | 6403675 |
| 650 #7 - SUBJECT ADDED ENTRY--TOPICAL TERM | |
| Topical term or geographic name as entry element | Small cities. |
| Source of heading or term | fast |
| -- | (OCoLC)fst01743749 |
| 9 (RLIN) | 6403676 |
| 655 #7 - INDEX TERM--GENRE/FORM | |
| Genre/form data or focus term | Drama. |
| Source of term | fast |
| -- | (OCoLC)fst01423879 |
| 9 (RLIN) | 6403677 |
| 655 #7 - INDEX TERM--GENRE/FORM | |
| Genre/form data or focus term | Feature films. |
| Source of term | fast |
| -- | (OCoLC)fst01710384 |
| 9 (RLIN) | 6403678 |
| 655 #7 - INDEX TERM--GENRE/FORM | |
| Genre/form data or focus term | Horror films. |
| Source of term | fast |
| -- | (OCoLC)fst01710373 |
| 9 (RLIN) | 6403679 |
| 655 #7 - INDEX TERM--GENRE/FORM | |
| Genre/form data or focus term | Video recordings for the hearing impaired. |
| Source of term | fast |
| -- | (OCoLC)fst01710450 |
| 9 (RLIN) | 6403680 |
| 655 #7 - INDEX TERM--GENRE/FORM | |
| Genre/form data or focus term | Horror films. |
| Source of term | lcgft |
| 9 (RLIN) | 6403679 |
| 655 #7 - INDEX TERM--GENRE/FORM | |
| Genre/form data or focus term | Feature films. |
| Source of term | lcgft |
| 9 (RLIN) | 6403678 |
| 655 #7 - INDEX TERM--GENRE/FORM | |
| Genre/form data or focus term | Video recordings for the hearing impaired. |
| Source of term | lcgft |
| 9 (RLIN) | 6403680 |
| 700 1# - ADDED ENTRY--PERSONAL NAME | |
| Personal name | Harder, Kurtis David, |
| Relator term | film director. |
| 9 (RLIN) | 6403681 |
| 700 1# - ADDED ENTRY--PERSONAL NAME | |
| Personal name | Bowyer-Chapman, Jeffrey, |
| Dates associated with a name | 1984- |
| Relator term | actor. |
| 9 (RLIN) | 6403682 |
| 700 1# - ADDED ENTRY--PERSONAL NAME | |
| Personal name | Munro, Lochlyn, |
| Dates associated with a name | 1966- |
| Relator term | actor. |
| 9 (RLIN) | 71785 |
| 700 1# - ADDED ENTRY--PERSONAL NAME | |
| Personal name | Wood, Ty, |
| Relator term | actor. |
| 9 (RLIN) | 6194820 |
| 700 1# - ADDED ENTRY--PERSONAL NAME | |
| Personal name | Poole, Aaron, |
| Relator term | actor. |
| 9 (RLIN) | 5857229 |
| 710 2# - ADDED ENTRY--CORPORATE NAME | |
| Corporate name or jurisdiction name as entry element | Image Entertainment (Firm), |
| Relator term | publisher. |
| 9 (RLIN) | 61178 |
| 994 ## - | |
| -- | C0 |
| -- | WACOL |
| Withdrawn status | Lost status | Source of classification or shelving scheme | Damaged status | Not for loan | Collection code | Home library | Current library | Shelving location | Date acquired | Source of acquisition | Total Checkouts | Total Renewals | Full call number | Barcode | Checked out | Date last seen | Date checked out | Cost, replacement price | Price effective from | Koha item type |
|---|---|---|---|---|---|---|---|---|---|---|---|---|---|---|---|---|---|---|---|---|
| Long Overdue (Lost) | Dewey Decimal Classification | Movies | Wasatch County Library | Wasatch County Library | Audio Visual Area | 02/08/2021 | Micromarketing | 8 | 13 | DVD Spi | 34301001710427 | 12/02/2024 | 11/13/2024 | 11/13/2024 | 22.37 | 02/08/2021 | DVD |
